000 00895nam a22002297a 4500
003 OSt
005 20250822133752.0
008 241010b |||||||| |||| 00| 0 eng d
040 _c0
082 _aDPer 613.705 J826 January-December 2020 v. 91 n. 1-9
100 _aWeiner, Brad.
_eauthor.
_962761
245 _aSensory balancing strategies for students with autism spectrum disorder /
_cBrad Weiner, Michelle Grenier.
260 _aVirginia ;
_bAmerican Alliance for Health,
_cOctober 2020.
300 _aVolume 91, pages 21-28 :
_billustration ;
_c28 cm.
500 _aThe Journal of Physical Education Recreation & Dance, vol. 91, no. 8, pages 21-28, October 2020.
650 0 _aAutism.
_942635
650 0 _aPhysical education.
_950439
650 0 _aHuman body.
_924211
700 _aWeiner, Brad.
_eauthor.
_962761
700 _aGrenier, Michelle.
_eauthor.
_966987
942 _2ddc
_cPER
999 _c22467
_d22467